000 00756nam a22002057a 4500
999 _c15930
_d15930
005 20251125232844.0
008 s2510 th tha d
040 _aNALT
041 _atha
100 0 _aเสนีย์ ปราโมช, ม.ร.ว.
245 1 0 _aกฎหมายสมัยอยุธยา
260 3 _aพระนคร :
_bศิวพร,
_c2510
300 _a82 หน้า ;
_b 25 ซม.
650 0 4 _aกฎหมาย -- ไทย -- สมัยกรุงศรีอยุธยา
850 _aNALT
856 4 0 _uhttps://hdl.handle.net/20.500.14156/411105
_71
942 _cLB
_01
_2lcc
998 _j25
_k นีลวัสน์ อินทรักษา
090 _aKC13.2 ส917ก 2510